Sociální zabezpečení osob migrujících mezi státy EU

Gespeichert in:
Bibliographische Detailangaben
1. Verfasser: Koldinská, Kristina
Format: Buch
Sprache:Tschechisch
Veröffentlicht: Praha C.H. Beck 2012
Ausgabe:2. vyd.
Schriftenreihe:Beckovy mezioborové učebnice
Schlagworte:
Tags: Tag hinzufügen
Keine Tags, Fügen Sie das erste Tag hinzu!

MARC

LEADER 00000nam a2200000 4500
001 0165941
005 20240226134316.7
020 |a 978-80-7400-439-1 
041 0 |a cze 
044 |a CZ 
245 1 0 |a Sociální zabezpečení osob migrujících mezi státy EU  |c Kristina Koldinská ... [et al.] 
250 |a 2. vyd. 
264 1 |a Praha  |b C.H. Beck  |c 2012 
300 |a 229 s. 
490 1 |a Beckovy mezioborové učebnice 
830 0 |a Beckovy mezioborové učebnice 
610 2 0 |a migrácia 
610 2 0 |a cudzinci 
610 2 0 |a pohyb obyvateľstva 
610 2 0 |a pohyb síl pracovných medzinárodný 
610 2 0 |a zabezpečenie sociálne 
610 2 0 |a koordinácia 
610 2 0 |a predpisy 
610 2 0 |a vývoj 
610 2 0 |a právo medzinárodné 
610 2 0 |a dokumenty 
610 2 0 |a predpisy právne 
610 2 0 |a dávky 
610 2 0 |a právo procesné medzinárodné 
610 2 0 |a smernice 
610 2 0 |a konflikty 
610 2 0 |a súdy 
610 2 0 |a spolupráca medzinárodná 
610 2 0 |a Európska únia 
610 2 0 |a Česko 
100 1 |a Koldinská, Kristina